| 000 | 00934nam a2200313Ia 4500 | ||
|---|---|---|---|
| 001 | dia_6224 | ||
| 003 | CHAP | ||
| 005 | 20230327121405.0 | ||
| 008 | 220117s1971 xx 000 0 und d | ||
| 010 | _a177444 | ||
| 040 | _cCHAP | ||
| 082 | _a631.3 C38 1971 | ||
| 110 |
_aAmana _9161232 |
||
| 245 |
_aCatálogo de maquinaria y equipo / _c Amana |
||
| 260 |
_aEstados Unidos de América : _b Amana, _c1971 |
||
| 300 | _apaginación variada | ||
| 503 | _aD. | ||
| 505 | _aFascículos sobre diferentes equipos | ||
| 590 | _aS675 C38 1971 | ||
| 650 |
_aAgricultural machinery and equipment _9151566 |
||
| 650 | _aMaquinaria y equipamiento agrícola | ||
| 650 |
_aSistemas de ventilación _9161233 |
||
| 650 |
_aVentilation systems _9161234 |
||
| 710 |
_aAmana _9161232 |
||
| 901 | _a631.3 C38 1971 | ||
| 902 | _aM | ||
| 905 | _a5232271971 -usdn 8242123322eng16 | ||
| 942 |
_cLIBRO _2ddc |
||
| 999 |
_c177444 _d177444 |
||